Statistics for Mumbai Metro Line 6 Stations

Click here to take the quiz!

General Stats

  • This quiz has been taken 4 times
  • The average score is 9 of 14

Answer Stats

Answer% Correct
Jogeshwari Metro
100%
Adarsh Nagar
67%
IIT Powai
67%
JVLR Junction
67%
Kanjurmarg East (Kanjurmarg Metro)
67%
Mahakali Caves
67%
Powaii Lake
67%
Rambaug
67%
Saki Vihar Rd
67%
SEEPZ Village
67%
Shyam Nagar
67%
Swami Samarth Nagar
67%
Vikhroli East (EEH) Vikhroli Metro
67%
Surya Nagar (Kanjurmarg West)
33%

Score Distribution

Percentile by Number Answered

Percent of People with Each Score

Your Score History

You have not taken this quiz